000 00734nam a2200181 a 4500
001 000036028
005 20200930074819.0
008 111123s1981 dr ac 000 0 spa d
040 _aDO-SdBNP
_bspa
_cBNPHU
082 _axxxx
_bS471
110 2 _aSeminario Técnico
_n(10mo.
_d1981 jul 7-10
_cSanto Domingo)
_962073
245 1 0 _aMercado de trabajo para los beneficiarios del crédito educativo:.
260 _aSanto Domingo :
_bFundación de Crédito Educativo,
_c1981.
300 _a319 p. ;
_c24 cm.
500 _aMemorias décimo seminario técnico de APICE
710 2 _aAsociación Panamericana de Instituciones de Crédito Educativo (APICE)
_962074
710 2 _aInstituto Dominicano de Publicidad y Mercadotecnia (INPUMER)
_962075
999 _c35519
_d35519